| Tag |
First Indicator |
Second Indicator |
Subfields |
| LEADER |
00000nmm a22000001a 4500 |
| 001 |
in00004619607 |
| 006 |
m|||||o||m|||||||| |
| 007 |
cr|cn |||uuuuu |
| 008 |
221118s2021 xxu||||do|||| ||||||eng d |
| 005 |
20221207215756.1 |
| 035 |
|
|
|a (TxWaIVM)IV83280KoIn
|
| 040 |
|
|
|a TxWaIVM
|c TxWaIVM
|
| 245 |
0 |
0 |
|a In/Spectre 2 /
|c powered by Library Pass.
|
| 260 |
3 |
|
|a [United States] :
|b Kodansha,
|c 2021.
|
| 300 |
|
|
|a 1 online resource.
|
| 336 |
|
|
|a text
|b txt
|2 rdacontent
|
| 337 |
|
|
|a computer
|b c
|2 rdamedia
|
| 338 |
|
|
|a online resource
|b cr
|2 rdacarrier
|
| 520 |
|
|
|a Kotoko investigates the mysterious death of former idol Karin Nanase, who now terrorizes the sleepy town of Makurazaka as "Steel Lady Nanase." But with Kur? missing and the threat of the Steel Lady potentially causing harm to the Makurazaka's citizens, Kotoko is left with no choice but to team-up with Kur?'s ex-girlfriend, Saki. And later, as the Steel Lady strikes again, the origins of Kuro's bizarre powers are revealed.
|
| 521 |
|
|
|a 2
|
| 538 |
|
|
|a Requires a valid library card and registration for new users.
|
| 538 |
|
|
|a Mode of access: World Wide Web.
|
| 538 |
|
|
|a System requirements: Flash 10.1 or higher, Windows XP and higher, Internet Explorer 7 and higher, Firefox 3.6 and higher, Google Chrome; Max OS 10.5 and higher, Safari 4 and higher.
|
| 650 |
|
0 |
|a Detective and mystery comic books, strips, etc.
|
| 655 |
|
7 |
|a Electronic books.
|2 local
|
| 655 |
|
7 |
|a Detective and mystery comic books, strips, etc.
|2 gsafd
|
| 650 |
|
0 |
|a Comic books, strips, etc.
|
| 655 |
|
7 |
|a Comic books, strips, etc.
|2 gsafd
|
| 650 |
|
0 |
|a Shonen
|
| 655 |
|
7 |
|a Shonen
|2 gsafd
|
| 700 |
1 |
|
|a Katase, Chashiba.
|e writer.
|
| 700 |
1 |
|
|a Shirodaira, Kyo.
|e artist.
|
| 710 |
2 |
|
|a Library Pass, LLC.
|
| 856 |
4 |
0 |
|u http://proxy.library.tamu.edu/login?url=https://tamu.librarypass.com/product/com.iversecomics.kodansha.inspectre.2.english.07262021
|z Connect to this electronic book (First time users create your free account)
|t 0
|
| 955 |
|
|
|a Comics Plus.
|
| 999 |
f |
f |
|s 31efe38b-a9da-40cd-a7ff-4157d7b5c72d
|i 772f744f-9455-4674-876a-e80324e7c9fd
|t 0
|
| 952 |
f |
f |
|a Texas A&M University
|b College Station
|c Electronic Resources
|d Available Online
|t 0
|h Library of Congress classification
|
| 998 |
f |
f |
|t 0
|l Available Online
|